| 000 | 01401nam a22002657a 4500 | ||
|---|---|---|---|
| 999 |
_c50186 _d50186 |
||
| 005 | 20251125233015.0 | ||
| 008 | s2549 th tha d | ||
| 020 | _a974993606X | ||
| 040 | _a์NALT | ||
| 041 | _atha | ||
| 050 |
_aDS 793.Y8 _bห187ป 2549 |
||
| 245 | 1 | 0 |
_aประวัติศาสตร์ยูนนานสมัยใหม่ / _cอุษา โลหะจรูญ, แปลและเรียบเรียง ; จุไรรัตน์ แสนใจรักษ์, บรรณาธิการ. |
| 260 |
_aกรุงเทพฯ : _bสร้างสรรค์, _c2549. |
||
| 300 |
_a296 หน้า : _bภาพประกอบ ; _c21 ซม. |
||
| 650 | 0 | 4 | _aยูนนาน (จีน) -- ความเป็นอยู่และประเพณี |
| 650 | 0 | 4 | _aยูนนาน (จีน) -- ภูมิประเทศและการท่องเที่ยว |
| 650 | 0 | 4 | _aภาษาไทย -- ตัวอักษร -- ประวัติ |
| 650 | 0 | 4 | _aพุทธศาสนา -- จีน |
| 650 | 0 | 4 | _aชาวไท -- จีน -- ยูนนาน |
| 700 | 0 | _aอุษา โลหะจรูญ | |
| 700 | 0 |
_aจุไรรัตน์ แสนใจรักษ์ _940391 |
|
| 850 | _aNALT | ||
| 856 | 4 | 0 |
_uhttps://hdl.handle.net/20.500.14156/448171 _71 |
| 942 |
_cGB _2lcc |
||